[Event "FIDE WCC Blitz Women 2019"]
[Site "Moscow"]
[Date "2019.12.29"]
[Round "9.40"]
[White "Komiagina, Maria"]
[Black "Injac, Teodora"]
[Result "0-1"]
[WhiteElo "2106"]
[BlackElo "2236"]
[Annotator "NA"]
[PlyCount "112"]
[EventDate "2019.12.29"]
[EventType "swiss"]
[EventCountry "RUS"]
[SourceTitle "playchess.com"]
[Source "ChessBase"]
[SourceQuality "1"]

1. e4 c5 2. Nf3 d6 3. c3 Nf6 4. h3 Bd7 5. d3 Nc6 6. Be2 g6 7. O-O Bg7 8. Re1 O-O 9. Nbd2 b5 10. Nf1 Rb8 11. Ng3 e5 12. Be3 b4 13. c4 Ne8 14. Qd2 Nc7 15. Nh2 Ne6 16. Bg4 h5 17. Bxe6 Bxe6 18. Nf3 Nd4 19. Nxd4 cxd4 20. Bh6 h4 21. Nf1 f5 22. Bxg7 Kxg7 23. b3 Qf6 24. Nh2 a5 25. Rf1 fxe4 26. dxe4 Qf4 27. Qd3 Ra8 28. Rad1 Ra7 29. Rd2 a4 30. Rc2 Rc8 31. Nf3 axb3 32. axb3 Ra3 33. Nd2 g5 34. Qf3 Qxf3 35. gxf3 Bxh3 36. Rfc1 Rc5 37. Kh2 Be6 38. Rg1 Kf6 39. Rb2 Rca5 40. Rgb1 Ra2 41. Kg2 Rxb2 42. Rxb2 Ra1 43. Nb1 h3+ 44. Kh2 g4 45. fxg4 Bxg4 46. Nd2 Rd1 47. f3 Be6 48. Ra2 Kg5 49. Kg3 Rg1+ 50. Kh2 Rg2+ 51. Kh1 Kf4 52. Rb2 Ke3 53. c5 dxc5 54. Nc4+ Bxc4 55. Rxg2 hxg2+ 56. Kxg2 Bxb3 0-1

[Event "FIDE WCC Blitz Women 2019"]
[Site "Moscow"]
[Date "2019.12.29"]
[Round "9.41"]
[White "Belenkaya, Dina"]
[Black "Bulatova, Kamaliya"]
[Result "0-1"]
[WhiteElo "2203"]
[BlackElo "2038"]
[Annotator "NA"]
[PlyCount "94"]
[EventDate "2019.12.29"]
[EventType "swiss"]
[EventCountry "RUS"]
[SourceTitle "playchess.com"]
[Source "ChessBase"]
[SourceQuality "1"]

1. e4 c5 2. Nc3 d6 3. Nge2 g6 4. d4 cxd4 5. Nxd4 Bg7 6. Nf3 Nc6 7. Bc4 Nf6 8. h3 O-O 9. O-O a6 10. Re1 b5 11. Bb3 Bb7 12. Nd5 Na5 13. c3 Nxb3 14. axb3 e6 15. Nxf6+ Bxf6 16. Qd3 d5 17. e5 Bg7 18. Nd4 Qh4 19. b4 Rac8 20. Kh2 Qxf2 21. Bd2 Qh4 22. Re2 Qe7 23. Qg3 Rc4 24. Kh1 Qd8 25. Bg5 Qb8 26. Qe3 Rfc8 27. Rf1 Qc7 28. Bf6 Bf8 29. Ra1 Qb6 30. Rd2 Qc7 31. Qf4 Qd7 32. Qh4 Bg7 33. Rf2 Bf8 34. Rf4 a5 35. Rxa5 Ra8 36. Rxa8 Bxa8 37. Rf1 Rc7 38. Ra1 Ra7 39. Qe1 Ra4 40. Rxa4 bxa4 41. Qd1 Qa7 42. Kh2 Bh6 43. g3 a3 44. Qa1 a2 45. g4 Bc1 46. Nb3 Qf2+ 47. Kh1 d4# 0-1

[Event "FIDE WCC Blitz Women 2019"]
[Site "Moscow"]
[Date "2019.12.29"]
[Round "9.42"]
[White "Antova, Gabriela"]
[Black "Lysenko, Margarita"]
[Result "1/2-1/2"]
[WhiteElo "1965"]
[BlackElo "2188"]
[Annotator "NA"]
[PlyCount "212"]
[EventDate "2019.12.29"]
[EventType "swiss"]
[EventCountry "RUS"]
[SourceTitle "playchess.com"]
[Source "ChessBase"]
[SourceQuality "1"]

1. e4 c5 2. Nf3 d6 3. d4 cxd4 4. Nxd4 Nf6 5. Nc3 a6 6. Be2 e5 7. Nb3 Be7 8. O-O O-O 9. Be3 Be6 10. Bf3 Nbd7 11. Nd5 Bxd5 12. exd5 b5 13. a4 Qc7 14. axb5 axb5 15. Qd3 h6 16. g3 b4 17. Bg2 Rfc8 18. Rxa8 Rxa8 19. Rc1 Ra2 20. Rb1 Qb7 21. Qc4 Ra8 22. Bd2 Rc8 23. Qxb4 Qxb4 24. Bxb4 Rxc2 25. Na5 Nb6 26. Nc6 Bf8 27. Ba3 Nbxd5 28. Rd1 e4 29. Bxe4 Nxe4 30. Rxd5 Nxf2 31. Bxd6 Bxd6 32. Rxd6 Rxb2 33. Rd8+ Kh7 34. Ne5 f6 35. Nf3 Nh3+ 36. Kh1 Rf2 37. Nd2 Ng5 38. Kg1 Re2 39. Kh1 Re1+ 40. Kg2 Re2+ 41. Kh1 h5 42. h4 Nf7 43. Kg1 Ne5 44. Kf1 Rh2 45. Rd5 Kg6 46. Rd6 Ng4 47. Ne4 Ra2 48. Rd2 Ra1+ 49. Kg2 Ra3 50. Nc5 Ne3+ 51. Kh2 Nf5 52. Rg2 Re3 53. Kh3 Nh6 54. Kh2 Ng4+ 55. Kh1 Re1+ 56. Rg1 Re5 57. Nd3 Re3 58. Nf4+ Kh6 59. Kg2 Ra3 60. Re1 Ra2+ 61. Re2 Ra1 62. Re8 g5 63. hxg5+ fxg5 64. Ne6 Ra2+ 65. Kf3 Rf2+ 66. Ke4 Nf6+ 67. Ke3 Nxe8 68. Kxf2 Ng7 69. Nd4 Kg6 70. Kg2 Nf5 71. Nc6 g4 72. Ne5+ Kf6 73. Nd3 Kg5 74. Nc5 Ng7 75. Ne4+ Kf5 76. Nd6+ Ke6 77. Ne4 Ke5 78. Nf2 Ne6 79. Nd3+ Kd4 80. Nb4 Ng7 81. Nc6+ Kd5 82. Ne7+ Ke6 83. Ng6 Kf5 84. Ne7+ Ke4 85. Ng8 Ke5 86. Ne7 Nf5 87. Ng6+ Kf6 88. Nf8 Ke5 89. Ng6+ Ke4 90. Nf8 Ne3+ 91. Kf2 Nf5 92. Kg2 Ke3 93. Ne6 Ke4 94. Nf8 Kd3 95. Ne6 Ke4 96. Nf8 Ng7 97. Ng6 Kf5 98. Ne7+ Kf6 99. Nd5+ Ke5 100. Ne7 Ke4 101. Ng6 Ke3 102. Ne5 Ke2 103. Ng6 Ke1 104. Nf4 Kd2 105. Kf2 Nf5 106. Nxh5 Nh6 1/2-1/2

[Event "FIDE WCC Blitz Women 2019"]
[Site "Moscow"]
[Date "2019.12.29"]
[Round "9.43"]
[White "Balaian, Alina"]
[Black "Ovezdurdiyeva, Jemal"]
[Result "1-0"]
[WhiteElo "2173"]
[BlackElo "1877"]
[Annotator "NA"]
[PlyCount "53"]
[EventDate "2019.12.29"]
[EventType "swiss"]
[EventCountry "RUS"]
[SourceTitle "playchess.com"]
[Source "ChessBase"]
[SourceQuality "1"]

1. e4 c5 2. Nf3 d6 3. c3 Nc6 4. d4 Nf6 5. d5 Ne5 6. Nxe5 dxe5 7. Be2 g6 8. O-O Bg7 9. f4 exf4 10. Bxf4 O-O 11. Nd2 e6 12. d6 Nd7 13. Nf3 e5 14. Be3 b6 15. Bc4 Bb7 16. Bg5 Qc8 17. Be7 Re8 18. Ng5 h6 19. Bxf7+ Kh8 20. Bxg6 Nf8 21. Bxe8 Qxe8 22. Nf7+ Kh7 23. Qh5 Ng6 24. Ng5+ Kg8 25. Ne6 Nxe7 26. Qxe8+ Rxe8 27. d7 1-0

[Event "FIDE WCC Blitz Women 2019"]
[Site "Moscow"]
[Date "2019.12.29"]
[Round "9.44"]
[White "Mamedjarova, Zeinab"]
[Black "Borisova, Ekaterina"]
[Result "1-0"]
[WhiteElo "2325"]
[BlackElo "2029"]
[Annotator "NA"]
[PlyCount "45"]
[EventDate "2019.12.29"]
[EventType "swiss"]
[EventCountry "RUS"]
[SourceTitle "playchess.com"]
[Source "ChessBase"]
[SourceQuality "1"]

1. d4 Nf6 2. Nf3 e6 3. e3 d5 4. Bd3 Be7 5. O-O O-O 6. Nbd2 b6 7. b3 Nbd7 8. Bb2 Bb7 9. Ne5 c5 10. Qe2 Ne4 11. Rfd1 Nxd2 12. Rxd2 Nxe5 13. dxe5 Qc7 14. c4 f6 15. cxd5 exd5 16. Qh5 f5 17. Bxf5 Rxf5 18. Qxf5 Bc8 19. e6 Bf8 20. Qxd5 Bb7 21. Qd7 Qxd7 22. Rxd7 Bc6 23. Rc7 1-0

[Event "FIDE WCC Blitz Women 2019"]
[Site "Moscow"]
[Date "2019.12.29"]
[Round "9.45"]
[White "Potapova, Margarita"]
[Black "Song, Yuxin"]
[Result "1-0"]
[WhiteElo "2259"]
[BlackElo "2128"]
[Annotator "NA"]
[PlyCount "99"]
[EventDate "2019.12.29"]
[EventType "swiss"]
[EventCountry "RUS"]
[SourceTitle "playchess.com"]
[Source "ChessBase"]
[SourceQuality "1"]

1. d4 Nf6 2. c4 e6 3. Nf3 d5 4. Nc3 Nbd7 5. Bf4 dxc4 6. e3 Nd5 7. Bxc4 Nxf4 8. exf4 Nb6 9. Bb3 Bd6 10. Ne5 O-O 11. O-O c5 12. dxc5 Bxc5 13. Qe2 Bd7 14. Rac1 Rc8 15. Ne4 Qe7 16. Rfd1 Rfd8 17. Nxc5 Rxc5 18. Rxc5 Qxc5 19. f5 exf5 20. Nxd7 Nxd7 21. Rxd7 Qc1+ 22. Rd1 Rxd1+ 23. Qxd1 Qc7 24. g3 g6 25. Qc2 Qd7 26. Qd1 Qc7 27. Qd5 Kg7 28. Kg2 b6 29. h4 h5 30. Qd4+ Kg8 31. Qf6 Qb7+ 32. Kh2 Qd7 33. Qxg6+ Kf8 34. Qxh5 f4 35. Qh8+ Ke7 36. Qe5+ Kf8 37. Qxf4 a5 38. Qxf7+ Qxf7 39. Bxf7 Kxf7 40. g4 Kg6 41. f4 Kf6 42. Kg3 Kg6 43. h5+ Kh6 44. Kh4 Kh7 45. g5 Kg7 46. f5 Kf7 47. h6 Kg8 48. g6 Kh8 49. f6 a4 50. f7 1-0

[Event "FIDE WCC Blitz Women 2019"]
[Site "Moscow"]
[Date "2019.12.29"]
[Round "9.46"]
[White "Osmak, Iulija"]
[Black "Sgircea, Silvia-Raluca"]
[Result "1-0"]
[WhiteElo "2242"]
[BlackElo "2154"]
[Annotator "NA"]
[PlyCount "71"]
[EventDate "2019.12.29"]
[EventType "swiss"]
[EventCountry "RUS"]
[SourceTitle "playchess.com"]
[Source "ChessBase"]
[SourceQuality "1"]

1. e4 c5 2. c3 d5 3. exd5 Qxd5 4. d4 Nc6 5. Nf3 Nf6 6. Be2 e6 7. O-O Be7 8. Be3 O-O 9. dxc5 Qxd1 10. Rxd1 Ne4 11. b4 Bf6 12. Nd4 Nxd4 13. cxd4 h6 14. f3 Ng5 15. Nc3 Bd7 16. Ne4 Be7 17. b5 a6 18. a4 Nh7 19. Rac1 axb5 20. axb5 Nf6 21. Nxf6+ Bxf6 22. c6 bxc6 23. bxc6 Bc8 24. Bf4 Rd8 25. Be5 Be7 26. c7 Rd5 27. Bc4 Rda5 28. Rb1 f6 29. Bg3 Kh7 30. Rb8 e5 31. dxe5 fxe5 32. Bd3+ g6 33. Be4 Ra1 34. Rxa8 Rxd1+ 35. Kf2 Bc5+ 36. Ke2 1-0

[Event "FIDE WCC Blitz Women 2019"]
[Site "Moscow"]
[Date "2019.12.29"]
[Round "9.47"]
[White "Kovanova, Baira"]
[Black "Semenova, Elena"]
[Result "1-0"]
[WhiteElo "2218"]
[BlackElo "2114"]
[Annotator "NA"]
[PlyCount "63"]
[EventDate "2019.12.29"]
[EventType "swiss"]
[EventCountry "RUS"]
[SourceTitle "playchess.com"]
[Source "ChessBase"]
[SourceQuality "1"]

1. Nf3 d5 2. d3 Nd7 3. g3 e5 4. Nbd2 Ngf6 5. e4 Bc5 6. Bg2 O-O 7. O-O c6 8. Qe2 a5 9. Nh4 Re8 10. Nf5 Nf8 11. h3 Bxf5 12. exf5 Qd7 13. g4 h6 14. a4 Rad8 15. Nb3 Bb6 16. Bd2 Qc7 17. h4 e4 18. d4 N6h7 19. Be3 Nd7 20. g5 hxg5 21. hxg5 g6 22. f6 Ba7 23. Qg4 Bb8 24. Qh4 Ndf8 25. Rfe1 Ne6 26. Nc5 Nhf8 27. Qh6 b6 28. Na6 Qd7 29. Nxb8 Rxb8 30. Bh3 Qd6 31. Kg2 Rb7 32. Rh1 1-0

[Event "FIDE WCC Blitz Women 2019"]
[Site "Moscow"]
[Date "2019.12.29"]
[Round "9.48"]
[White "Dauletova, Gulmira"]
[Black "Paramzina, Anastasya"]
[Result "1-0"]
[WhiteElo "2112"]
[BlackElo "2203"]
[Annotator "NA"]
[PlyCount "95"]
[EventDate "2019.12.29"]
[EventType "swiss"]
[EventCountry "RUS"]
[SourceTitle "playchess.com"]
[Source "ChessBase"]
[SourceQuality "1"]

1. e4 c5 2. Nc3 d6 3. g3 g6 4. Bg2 Bg7 5. Nge2 e6 6. O-O Ne7 7. d3 O-O 8. f4 Nbc6 9. Be3 Rb8 10. g4 f5 11. h3 b5 12. Ng3 b4 13. Na4 Qa5 14. c3 bxc3 15. bxc3 Bd7 16. Qc2 Nd8 17. Nb2 Qxc3 18. Qxc3 Bxc3 19. Nc4 Nf7 20. Rab1 fxg4 21. hxg4 Nc6 22. e5 d5 23. Bxc5 dxc4 24. Bxf8 Rxf8 25. dxc4 Nh6 26. Rb7 Bc8 27. Bxc6 Bxb7 28. Bxb7 Nxg4 29. Ne4 Bd4+ 30. Kh1 Ne3 31. Rf3 Nxc4 32. Nf6+ Kg7 33. Rd3 Rd8 34. Bc6 Ne3 35. Bd7 Kf7 36. Rxd4 Nf5 37. Bxe6+ Ke7 38. Rxd8 Kxd8 39. Nxh7 Nd4 40. Bf7 Ne2 41. Bxg6 Nxf4 42. Bf5 Ne2 43. Kg2 Ke7 44. Nf6 Nd4 45. Nd5+ Kf8 46. Bg4 Nc6 47. e6 Nd4 48. e7+ 1-0

[Event "FIDE WCC Blitz Women 2019"]
[Site "Moscow"]
[Date "2019.12.29"]
[Round "9.49"]
[White "Bykova, Anastasia"]
[Black "Badelka, Olga"]
[Result "0-1"]
[WhiteElo "2107"]
[BlackElo "2186"]
[Annotator "NA"]
[PlyCount "70"]
[EventDate "2019.12.29"]
[EventType "swiss"]
[EventCountry "RUS"]
[SourceTitle "playchess.com"]
[Source "ChessBase"]
[SourceQuality "1"]

1. d4 d5 2. c4 dxc4 3. Nf3 Nf6 4. e3 b5 5. a4 b4 6. Bxc4 e6 7. O-O Bb7 8. a5 a6 9. Nbd2 Nbd7 10. Nb3 c5 11. Qe2 cxd4 12. exd4 Be7 13. Bg5 O-O 14. Rac1 Nd5 15. Bxe7 Qxe7 16. Bxd5 Bxd5 17. Nc5 Nxc5 18. Rxc5 Qb7 19. Rfc1 Rac8 20. Ne1 g6 21. f3 b3 22. Nd3 Rcd8 23. Qe3 Rd7 24. Ne5 Re7 25. Ng4 f6 26. Qf4 f5 27. Ne5 Qb4 28. Qg5 Qxd4+ 29. Kh1 Rg7 30. Qg3 Qxb2 31. Nd3 Qd4 32. R5c3 Rb7 33. Qe1 b2 34. Rb1 Rfb8 35. Qe2 Qxc3 0-1

[Event "FIDE WCC Blitz Women 2019"]
[Site "Moscow"]
[Date "2019.12.29"]
[Round "9.50"]
[White "Mikhaylova, Irina"]
[Black "Ovod, Evgenija"]
[Result "1-0"]
[WhiteElo "2090"]
[BlackElo "2163"]
[Annotator "NA"]
[PlyCount "113"]
[EventDate "2019.12.29"]
[EventType "swiss"]
[EventCountry "RUS"]
[SourceTitle "playchess.com"]
[Source "ChessBase"]
[SourceQuality "1"]

1. d4 d5 2. Nf3 Nf6 3. c4 e6 4. Qc2 c6 5. Bg5 Nbd7 6. e3 Be7 7. Nc3 O-O 8. Rd1 b6 9. a3 Bb7 10. Be2 Rc8 11. O-O h6 12. Bh4 Nh7 13. Bg3 f5 14. Ne5 Nxe5 15. Bxe5 Qe8 16. b4 Nf6 17. c5 Nd7 18. Bg3 g5 19. f3 f4 20. Bf2 fxe3 21. Bxe3 Qf7 22. f4 Qg7 23. Bg4 Rf6 24. fxg5 hxg5 25. Rxf6 Qxf6 26. Rf1 Qh6 27. Qe2 Rf8 28. Rf3 Rxf3 29. Qxf3 bxc5 30. bxc5 Nf8 31. g3 Qf6 32. Kf2 Ba6 33. Qxf6 Bxf6 34. Be2 Bxe2 35. Nxe2 Kg7 36. Kf3 Kg6 37. Kg4 Nh7 38. h4 gxh4 39. gxh4 e5 40. h5+ Kf7 41. dxe5 Bxe5 42. Bd4 Nf6+ 43. Kg5 Ne4+ 44. Kf5 Bxd4 45. Nxd4 Nxc5 46. Nxc6 a6 47. Ke5 Na4 48. Kxd5 Nc3+ 49. Kc5 Kg7 50. Nb4 a5 51. Nd5 Nb1 52. a4 Na3 53. Kb6 Nc4+ 54. Kb5 Nb2 55. Kxa5 Kh6 56. Nf4 Kg5 57. Kb5 1-0

[Event "FIDE WCC Blitz Women 2019"]
[Site "Moscow"]
[Date "2019.12.29"]
[Round "9.51"]
[White "Nilssen, Ellen Fredericia"]
[Black "Bogumil, Tatiana"]
[Result "1-0"]
[WhiteElo "2162"]
[BlackElo "1996"]
[Annotator "NA"]
[PlyCount "73"]
[EventDate "2019.12.29"]
[EventType "swiss"]
[EventCountry "RUS"]
[SourceTitle "playchess.com"]
[Source "ChessBase"]
[SourceQuality "1"]

1. Nf3 Nf6 2. c4 g6 3. Nc3 Bg7 4. e4 d6 5. d4 O-O 6. Be2 Nbd7 7. Bg5 h6 8. Be3 c5 9. d5 b5 10. cxb5 a6 11. a4 Qa5 12. O-O Bb7 13. Qd2 Kh7 14. Ne1 axb5 15. Bxb5 Ba6 16. Bxa6 Qxa6 17. Nd3 Ng4 18. Bf4 Nge5 19. Nxe5 Nxe5 20. b3 Qd3 21. Rfd1 Qxd2 22. Bxd2 Rfb8 23. Rab1 Nd3 24. Nb5 Rb7 25. Bxh6 Nxf2 26. Rf1 Bxh6 27. Kxf2 f6 28. Ke2 Ra6 29. Kd3 Kg7 30. Kc4 Kf7 31. Rf2 Kg7 32. Ra2 Ra8 33. Rc2 g5 34. Kd3 g4 35. Na3 Rxa4 36. bxa4 Rxb1 37. Nxb1 1-0

[Event "FIDE WCC Blitz Women 2019"]
[Site "Moscow"]
[Date "2019.12.29"]
[Round "9.52"]
[White "Afonasieva, Anna"]
[Black "Nosacheva, Mariya"]
[Result "0-1"]
[WhiteElo "2099"]
[BlackElo "2062"]
[Annotator "NA"]
[PlyCount "110"]
[EventDate "2019.12.29"]
[EventType "swiss"]
[EventCountry "RUS"]
[SourceTitle "playchess.com"]
[Source "ChessBase"]
[SourceQuality "1"]

1. d4 Nf6 2. Nf3 g6 3. c4 Bg7 4. g3 O-O 5. Bg2 d6 6. O-O Nbd7 7. Qc2 c6 8. Rd1 Re8 9. e4 e5 10. Nc3 exd4 11. Nxd4 Nc5 12. f3 a5 13. Be3 Qe7 14. Re1 Nfd7 15. Rad1 Ne5 16. b3 a4 17. h3 axb3 18. axb3 Ra3 19. f4 Ned7 20. Qb2 Ra8 21. Nde2 f5 22. Qd2 Nxb3 23. Qxd6 Qxd6 24. Rxd6 fxe4 25. Nxe4 Na5 26. Rc1 Nf8 27. Bd4 Bf5 28. Bxg7 Kxg7 29. Rd4 Nb3 30. Rcd1 Nxd4 31. Rxd4 Bxe4 32. Bxe4 Rad8 33. Rxd8 Rxd8 34. Kf2 Ne6 35. f5 Nc5 36. Kf3 Nxe4 37. Kxe4 Re8+ 38. Kf3 gxf5 39. Nd4 Kf6 40. Nb3 b6 41. Nd4 c5 42. Nb5 Re4 43. Nc7 Rxc4 44. Nd5+ Ke5 45. Nxb6 Rc3+ 46. Kf2 Ke4 47. Nd7 Rc2+ 48. Ke1 c4 49. g4 fxg4 50. hxg4 Ke3 51. Kf1 Kf3 52. Ke1 Re2+ 53. Kd1 c3 54. Nf6 h6 55. Nd5 Rd2+ 0-1

[Event "FIDE WCC Blitz Women 2019"]
[Site "Moscow"]
[Date "2019.12.29"]
[Round "9.53"]
[White "Strutinskaia, Galina"]
[Black "Agrest, Inna"]
[Result "1-0"]
[WhiteElo "2227"]
[BlackElo "2180"]
[Annotator "NA"]
[PlyCount "91"]
[EventDate "2019.12.29"]
[EventType "swiss"]
[EventCountry "RUS"]
[SourceTitle "playchess.com"]
[Source "ChessBase"]
[SourceQuality "1"]

1. d4 Nf6 2. Nc3 d5 3. Bf4 c5 4. e3 Nc6 5. Bb5 e6 6. Nf3 a6 7. Bxc6+ bxc6 8. O-O Be7 9. Qe2 O-O 10. Rfe1 a5 11. b3 Ba6 12. Qd2 h6 13. Na4 Ne4 14. Qc1 c4 15. Ne5 Bb5 16. f3 Nd6 17. Nc3 Qc8 18. Bg3 Ba6 19. Na4 Qc7 20. bxc4 dxc4 21. Nc5 Nf5 22. Nxa6 Rxa6 23. Bf2 c5 24. c3 Rc8 25. Rb1 cxd4 26. exd4 a4 27. Qc2 a3 28. Qe4 Rb8 29. Rxb8+ Qxb8 30. Nxc4 Qb5 31. Ne5 Qb2 32. Qe2 Rb6 33. g4 Nd6 34. Nd3 Qxc3 35. d5 Rb5 36. dxe6 f6 37. Rc1 Qa5 38. Kg2 g6 39. Qc2 Kg7 40. Nf4 f5 41. h3 Bg5 42. Bd4+ Kh7 43. Qc7+ Qxc7 44. Rxc7+ Kg8 45. Nxg6 Ne8 46. Rc8 1-0

[Event "FIDE WCC Blitz Women 2019"]
[Site "Moscow"]
[Date "2019.12.29"]
[Round "9.54"]
[White "Shafigullina, Zarina"]
[Black "Manakova, Maria"]
[Result "0-1"]
[WhiteElo "2052"]
[BlackElo "2149"]
[Annotator "NA"]
[PlyCount "180"]
[EventDate "2019.12.29"]
[EventType "swiss"]
[EventCountry "RUS"]
[SourceTitle "playchess.com"]
[Source "ChessBase"]
[SourceQuality "1"]

1. Nf3 Nf6 2. g3 e6 3. Bg2 b6 4. O-O Bb7 5. d4 Be7 6. c4 O-O 7. Nc3 d5 8. Ne5 c6 9. e4 dxc4 10. Nxc4 Nbd7 11. Ne3 e5 12. d5 cxd5 13. exd5 Ne8 14. Nf5 Nd6 15. Nxe7+ Qxe7 16. Re1 Qf6 17. f4 exf4 18. Bxf4 Rfe8 19. Qd2 h6 20. Rac1 Rxe1+ 21. Rxe1 Nc4 22. Qf2 Rc8 23. Bc1 Qxf2+ 24. Kxf2 Nde5 25. Rd1 Ng4+ 26. Kg1 Nge3 27. Bxe3 Nxe3 28. Re1 Nxg2 29. Kxg2 Kf8 30. Kf2 Rd8 31. Rd1 Ke7 32. Ke3 a6 33. Kd4 Rd6 34. Re1+ Kd7 35. Rf1 Ke7 36. Re1+ Kd7 37. Rf1 Ke7 38. Ke5 f6+ 39. Kd4 Bc8 40. Ne4 Rd8 41. Rc1 Bb7 42. Rc7+ Rd7 43. Rxd7+ Kxd7 44. Nc3 Kd6 45. Ne4+ Kd7 46. b4 f5 47. Nc3 Kd6 48. a4 g5 49. b5 a5 50. h3 Bc8 51. Ne2 h5 52. Ng1 Bb7 53. Nf3 g4 54. hxg4 fxg4 55. Ne5 Bxd5 56. Ng6 Bb3 57. Nf4 Bxa4 58. Nxh5 Bxb5 59. Nf6 Be2 60. Ne4+ Ke6 61. Nc3 Bf3 62. Na4 b5 63. Nc5+ Kd6 64. Nb3 a4 65. Nd2 a3 66. Kc3 Bd5 67. Nf1 a2 68. Kb2 b4 69. Ne3 Be6 70. Nc2 Kc5 71. Ne1 b3 72. Nd3+ Kd4 73. Nf4 Bf7 74. Ne2+ Ke3 75. Nc3 Kf3 76. Nd1 Kxg3 77. Ne3 Kf3 78. Nxg4 Kxg4 79. Ka1 Kf3 80. Kb2 Ke3 81. Ka1 Kd3 82. Kb2 Be6 83. Ka1 Kd2 84. Kb2 Bd5 85. Ka1 Kd3 86. Kb2 Kc4 87. Ka1 Kb4 88. Kb2 a1=Q+ 89. Kxa1 Ka3 90. Kb1 Be4+ 0-1

[Event "FIDE WCC Blitz Women 2019"]
[Site "Moscow"]
[Date "2019.12.29"]
[Round "9.55"]
[White "Novikova, Anna"]
[Black "Gvanceladze, Anna"]
[Result "1/2-1/2"]
[WhiteElo "2045"]
[BlackElo "2066"]
[Annotator "NA"]
[PlyCount "171"]
[EventDate "2019.12.29"]
[EventType "swiss"]
[EventCountry "RUS"]
[SourceTitle "playchess.com"]
[Source "ChessBase"]
[SourceQuality "1"]

1. e4 c6 2. d4 d5 3. exd5 cxd5 4. c4 Nf6 5. Nc3 g6 6. cxd5 Bg7 7. Bc4 O-O 8. Nge2 a6 9. a4 b6 10. Nf4 Bb7 11. O-O Nbd7 12. Re1 Rc8 13. Bb3 Re8 14. Be3 h6 15. h4 Nf8 16. Qd2 Qd6 17. Rad1 Red8 18. Qe2 g5 19. hxg5 hxg5 20. Nh5 Nxh5 21. Qxh5 Nh7 22. Bxg5 Nxg5 23. Qxg5 Rc7 24. Re2 Qf6 25. Qxf6 Bxf6 26. g3 Kg7 27. f4 Rcd7 28. g4 Kf8 29. g5 Bg7 30. Kf2 b5 31. axb5 axb5 32. Nxb5 Bxd5 33. Bxd5 Rxd5 34. Nc3 Rxd4 35. Rxd4 Bxd4+ 36. Kf3 Rc8 37. Nd5 e6 38. Ne3 Rb8 39. Nc4 Rb4 40. Rc2 Ke7 41. Ke4 Bg7 42. Kd3 Rb3+ 43. Ke2 Rb4 44. Kd1 Rb3 45. Nd2 Rb4 46. Nc4 Rb3 47. Ke2 Rb4 48. Kf3 Rb3+ 49. Kg4 Rb4 50. f5 exf5+ 51. Kxf5 Rb5+ 52. Ke4 Rb4 53. Kd5 Rb5+ 54. Kc6 Rxg5 55. b4 f5 56. b5 Bd4 57. Re2+ Kf6 58. Kd5 Bg1 59. Re6+ Kf7 60. Ne5+ Kf8 61. Nf3 Rg2 62. Nxg1 Rxg1 63. Rf6+ Ke7 64. Rxf5 Kd7 65. Rf7+ Kc8 66. Kc6 Rg6+ 67. Kc5 Kb8 68. Kb4 Rg8 69. Ka5 Re8 70. Ka6 Rh8 71. b6 Rg8 72. Rb7+ Ka8 73. Ra7+ Kb8 74. Re7 Rh8 75. Kb5 Rg8 76. Kc6 Rg6+ 77. Kc5 Rg5+ 78. Kc6 Rg6+ 79. Kb5 Rg8 80. Rc7 Rg5+ 81. Ka6 Rg8 82. Rc6 Rh8 83. b7 Rg8 84. Kb6 Rf8 85. Rd6 Rh8 86. Rc6 1/2-1/2

[Event "FIDE WCC Blitz Women 2019"]
[Site "Moscow"]
[Date "2019.12.29"]
[Round "9.56"]
[White "Tomilova, Elena"]
[Black "Barchuk, Irina"]
[Result "1-0"]
[WhiteElo "2219"]
[BlackElo "2047"]
[Annotator "NA"]
[PlyCount "87"]
[EventDate "2019.12.29"]
[EventType "swiss"]
[EventCountry "RUS"]
[SourceTitle "playchess.com"]
[Source "ChessBase"]
[SourceQuality "1"]

1. e4 c5 2. Nf3 Nc6 3. Bb5 g6 4. Bxc6 dxc6 5. d3 Bg7 6. h3 e5 7. O-O Qc7 8. Be3 b6 9. a4 a5 10. Nbd2 Nf6 11. Nc4 Nd7 12. Qd2 O-O 13. Bh6 Ba6 14. b3 Rfd8 15. Bxg7 Kxg7 16. Nh2 Bxc4 17. bxc4 Nf8 18. Ng4 f6 19. Rab1 Rd6 20. Qh6+ Kg8 21. f4 Qg7 22. Qxg7+ Kxg7 23. fxe5 fxe5 24. Rxb6 Ra7 25. Nxe5 Ne6 26. Rxc6 Rxc6 27. Nxc6 Ra6 28. Ne5 Nd4 29. Rf7+ Kh6 30. g4 Re6 31. Nf3 g5 32. Nxd4 cxd4 33. Rf5 Rb6 34. Rb5 Rf6 35. Kg2 Rf8 36. Rxa5 Rb8 37. Rb5 Ra8 38. a5 Ra7 39. Rb6+ Kg7 40. a6 Ra8 41. c5 Kf7 42. e5 Ke7 43. Kf3 Kd7 44. Ke4 1-0

[Event "FIDE WCC Blitz Women 2019"]
[Site "Moscow"]
[Date "2019.12.29"]
[Round "9.57"]
[White "Munkhzul, Davaakhuu"]
[Black "Muetsch, Annmarie"]
[Result "0-1"]
[WhiteElo "1973"]
[BlackElo "2202"]
[Annotator "NA"]
[PlyCount "91"]
[EventDate "2019.12.29"]
[EventType "swiss"]
[EventCountry "RUS"]
[SourceTitle "playchess.com"]
[Source "ChessBase"]
[SourceQuality "1"]

1. e4 c5 2. Nf3 Nc6 3. d4 cxd4 4. Nxd4 e5 5. Nb5 d6 6. N1c3 a6 7. Na3 b5 8. Nd5 Nge7 9. c3 Nxd5 10. Qxd5 Qc7 11. Nc2 Be6 12. Qd1 g6 13. Ne3 Bg7 14. Be2 O-O 15. O-O Ne7 16. a4 Qc6 17. Bf3 Qb6 18. Nd5 Bxd5 19. exd5 f5 20. Bg5 Bf6 21. Bxf6 Rxf6 22. axb5 Qxb5 23. Be2 Qxb2 24. Bxa6 Qxc3 25. Qb1 Qc7 26. Rc1 Qb8 27. Qd3 Qa7 28. h3 Kg7 29. Qb5 Rff8 30. Qb4 Rfd8 31. Qb3 Rab8 32. Qd3 Rd7 33. Bb5 Qb7 34. Bxd7 Qxd7 35. Qc4 Rb7 36. Ra6 f4 37. Rca1 Nf5 38. Qc6 Qf7 39. Ra8 Re7 40. Qc8 e4 41. Qh8+ Kh6 42. Qc3 e3 43. fxe3 fxe3 44. R8a4 Qxd5 45. Re1 e2 46. Rg4 0-1

[Event "FIDE WCC Blitz Women 2019"]
[Site "Moscow"]
[Date "2019.12.29"]
[Round "9.58"]
[White "Lelekova, Olga"]
[Black "Fatianova, Tatiana"]
[Result "0-1"]
[WhiteElo "2176"]
[BlackElo "2029"]
[Annotator "NA"]
[PlyCount "80"]
[EventDate "2019.12.29"]
[EventType "swiss"]
[EventCountry "RUS"]
[SourceTitle "playchess.com"]
[Source "ChessBase"]
[SourceQuality "1"]

1. e4 Nc6 2. d4 d5 3. e5 Bf5 4. c3 f6 5. Nf3 e6 6. Bb5 Qd7 7. O-O a6 8. Ba4 b5 9. Bc2 Bxc2 10. Qxc2 fxe5 11. dxe5 Bc5 12. a4 Rb8 13. axb5 axb5 14. Nbd2 Nge7 15. Nb3 Bb6 16. Nbd4 Nxd4 17. cxd4 Nf5 18. Qd3 O-O 19. Bd2 c5 20. dxc5 Bxc5 21. Ra6 h6 22. Rfa1 Ne7 23. Be3 Bxe3 24. Qxe3 Nc6 25. Nh4 d4 26. Qe4 Rfd8 27. Qxc6 d3 28. Qxd7 Rxd7 29. Rd1 d2 30. Nf3 Rbd8 31. Rxe6 Rd3 32. Kf1 Kf7 33. Rb6 R8d5 34. Ke2 g5 35. Nxd2 R3d4 36. Rb7+ Kg6 37. Rc7 Rb4 38. Rc2 Kf5 39. Nf3 Re4+ 40. Kf1 Rxd1+ 0-1

[Event "FIDE WCC Blitz Women 2019"]
[Site "Moscow"]
[Date "2019.12.29"]
[Round "9.59"]
[White "Antonova, Nadezhda"]
[Black "Karavaeva, Olga"]
[Result "0-1"]
[WhiteElo "1914"]
[BlackElo "2174"]
[Annotator "NA"]
[PlyCount "116"]
[EventDate "2019.12.29"]
[EventType "swiss"]
[EventCountry "RUS"]
[SourceTitle "playchess.com"]
[Source "ChessBase"]
[SourceQuality "1"]

1. d4 d5 2. Nf3 c6 3. e3 Bf5 4. c4 e6 5. Nc3 Nd7 6. Qb3 Qb6 7. Be2 Ngf6 8. Nh4 Bg6 9. Nxg6 hxg6 10. O-O Be7 11. Qc2 O-O 12. c5 Qc7 13. f4 b6 14. b4 a5 15. cxb6 Qxb6 16. bxa5 Rxa5 17. Bd2 Rfa8 18. Rab1 Qa7 19. Rb2 Rb8 20. Rfb1 Rxb2 21. Rxb2 Bd6 22. g3 Ne8 23. Kg2 Be7 24. Qb1 Nd6 25. Bd3 Ra3 26. Rb3 Rxb3 27. Qxb3 Nb6 28. Be1 Nbc4 29. Bf2 g5 30. Na4 gxf4 31. gxf4 g6 32. Nc5 Kg7 33. a4 Bd8 34. Kf3 Ba5 35. Bxc4 Nxc4 36. Qb7 Qxb7 37. Nxb7 Bb4 38. Nd8 c5 39. dxc5 Bxc5 40. Nb7 Bb6 41. Ke2 Kf8 42. Kd3 Nb2+ 43. Ke2 Nxa4 44. Nd6 Nc3+ 45. Kf3 Nd1 46. Bg1 Kg7 47. Nc8 Bc5 48. Ke2 Nc3+ 49. Kd3 Ne4 50. h3 Kf8 51. Kc2 Ke8 52. Kb3 Kd7 53. Ka4 Kxc8 54. Kb5 Kd7 55. h4 Ke7 56. Kc6 Kf6 57. Kd7 Ng3 58. Bf2 Nf1 0-1